Normal view
MARC view
- Dr. Muhammad Maqbool Sadiq
Entry Personal Name
001 - CONTROL NUMBER
- control field: 31108
003 - CONTROL NUMBER IDENTIFIER
- control field: NUST
005 - DATE AND TIME OF LATEST TRANSACTION
- control field: 20201001121934.0
008 - FIXED-LENGTH DATA ELEMENTS
- fixed length control field: 201001|| aca||aabn | a|a d
040 ## - CATALOGING SOURCE
- Original cataloging agency: NUST
- Transcribing agency: NUST
100 ## - HEADING--PERSONAL NAME
- Personal name: Dr. Muhammad Maqbool Sadiq
670 ## - SOURCE DATA FOUND
- Source citation: Work cat.: (NUST): Raja, Faisal Shahzad 31107, Use of Stone Dust as Partial Replacement of Sand in the Performance Concrete /, 2016.
